000 00340nam a2200133Ia 4500
008 230725s1999 xx 000 0 und d
041 _aeng
082 _a615.1/PIL
100 _aK. K. Pillai
245 _aEXPERIMENTAL PHARMACOLOGY
_bPHARMACOLOGY AND TOXICOLOGY
260 _bCBS Publication
_c1999
300 _a124
500 _aTEXT BOOK
999 _c809797
_d809797